000 00279nam a2200109Ia 4500
008 230907s9999||||xx |||||||||||||| ||und||
082 _a621.3192
_bIRW
245 0 _aEngineering circuit analysis /
260 _aWiley,
_bNew Delhi : Noida :
_c2015
300 _a839 p.
942 _cBK
999 _c600532
_d600532